000 00836cam a2200241 i 4500
005 20260322212019.0
008 data
010 _a74017711 //r852
020 _a0486231704 :
020 _a9780486231709 :
043 _an------
050 0 _aE98.A7
_bA97
092 _a745.4 A97 1975
245 0 0 _aAuthentic Indian designs :
_b2500 illustrations from Reports of the Bureau of American Ethnology /
_cedited by Maria Naylor & Smithsonian Institution.
260 _aNew York :
_bDover Publications,
_cc1975.
300 _axxii, 219 p. :
_bchiefly ill. ;
_c28 cm.
490 0 _aDover pictorial archive series.
650 0 _aIndians of North America
_xArt.
650 0 _aDecoration and ornament
_zNorth America.
700 1 _aNaylor, Maria.
710 2 _aSmithsonian Institution.
_bBureau of American Ethnology.
_tAnnual report.
001 data
999 _c429
_d429